Subdivision capitals closest to Plužine (ME) - Statistics

General Stats
  • This quiz has been taken 9 times
  • The average score is 10 of 20
Answer Stats
Distance (km) Answer % Correct
13 83 Dubrovnik
100%
10 81 Kotor
100%
16 86 Mostar
100%
3 43 Nikšić
100%
17 86 Podgorica
100%
14 85 Sarajevo
100%
18 90 Andrijevica
33%
9 74 Bijelo Polje
33%
15 85 Cetinje
33%
8 70 Danilovgrad
33%
5 58 Goražde
33%
12 82 Herceg Novi
33%
7 66 Kolašin
33%
6 63 Mojkovac
33%
20 95 Petnjica
33%
4 47 Pljevlja
33%
2 30 Šavnik
33%
11 81 Tivat
33%
1 22 Žabljak
33%
19 90 Berane
0%
No matching quizzes found
Score Distribution
Percent of People with Each Score
Percentile by Number Answered
Your Score History
You have not taken this quiz